| Поле | Инд. | ПП | Название | Значение |
|---|---|---|---|---|
| Тип записи | a | |||
| Библиографический уровень | m | |||
| 001 | _ | Контрольный номер | RU\infra-m\znanium\bibl\1048314 | |
| 005 | _ | Дата корректировки | 20250915104124.0 | |
| 008 | Кодируемые данные | 230106s2019 RU g rus u | ||
| 020 | a | ISBN | 978-5-8199-0459-6 | |
| 020 | a | ISBN | 978-5-16-100515-6 | |
| 020 | a | ISBN | 978-5-16-004206-0 | |
| 040 | a | Служба первич. каталог. | Общество с ограниченной ответственностью «ЗНАНИУМ» | |
| 041 | a | Код языка текста | rus | |
| 044 | a | Код страны публикации | RU | |
| 080 | a | Индекс УДК | 33(075.8) | |
| 084 | 2 | Источник индекса | rubbk | |
| a | Индекс другой классификации/Индекс ББК | 65.5я73 | ||
| 084 | 2 | Источник индекса | okso | |
| a | Индекс другой классификации/Индекс ББК | 00.03.13 | ||
| 084 | 2 | Источник индекса | okso | |
| a | Индекс другой классификации/Индекс ББК | 00.05.13 | ||
| 084 | 2 | Источник индекса | okso | |
| a | Индекс другой классификации/Индекс ББК | 38.03.01 | ||
| 084 | 2 | Источник индекса | okso | |
| a | Индекс другой классификации/Индекс ББК | 38.03.05 | ||
| 084 | 2 | Источник индекса | okso | |
| a | Индекс другой классификации/Индекс ББК | 38.03.06 | ||
| 084 | 2 | Источник индекса | okso | |
| a | Индекс другой классификации/Индекс ББК | 38.03.07 | ||
| 084 | 2 | Источник индекса | okso | |
| a | Индекс другой классификации/Индекс ББК | 38.03.02 | ||
| 084 | 2 | Источник индекса | okso | |
| a | Индекс другой классификации/Индекс ББК | 38.03.04 | ||
| 084 | 2 | Источник индекса | okso | |
| a | Индекс другой классификации/Индекс ББК | 38.03.03 | ||
| 084 | 2 | Источник индекса | okso | |
| a | Индекс другой классификации/Индекс ББК | 38.03.10 | ||
| 100 | 1_ | a | Автор | Сажина Муза Аркадьевна |
| q | Полное имя | Муза Аркадьевна | ||
| 245 | a | Заглавие | Экономическая теория | |
| b | Продолж. заглавия | Учебник | ||
| c | Ответственность | Московский государственный университет им. М.В. Ломоносова, факультет государственного управления; Московский государственный университет им. М.В. Ломоносова, факультет государственного управления | ||
| 250 | g | перераб. и доп. | ||
| a | Основные сведения об издании | 3 | ||
| 260 | a | Место издания | Москва | |
| b | Издательство | Издательский Дом "ФОРУМ" | ||
| c | Дата издания | 2020 | ||
| 300 | a | Объем | 608 с. | |
| 440 | a | Серия | Классический университетский учебник | |
| 520 | a | Аннотация | В учебнике раскрываются основные закономерности современной смешанной рыночной экономики механизм ее функционирования. Большое внимание уделено становлению рыночных отношений в России. Рассматриваются теории государственного регулирования рыночных отношений роль государства в механизме функционирования рыночной экономики. Особое внимание уделено современному финансово-экономическому кризису его влиянию на развитие мировой экономики и экономики России. | |
| 521 | a | Примеч. о целев. назн. | ВО - Бакалавриат | |
| 650 | a | Основная рубрика | Экономика. Бухгалтерский учет. Финансы | |
| x | Основная подрубрика | Общая экономическая теория | ||
| 700 | 1_ | a | Другие авторы | Чибриков Георгий Георгиевич |
| q | Полное имя | Георгий Георгиевич | ||
| 852 | x | Примечание, не предназначенное для пользователя | znanium2023 | |
| 856 | 4_ | a | Имя сервера/домена | znanium.com |
| m | Помощь | ebs_support@infra-m.ru | ||
| n | Местонахождение сервера | НИЦ ИНФРА-М | ||
| u | URL | https://znanium.com/catalog/document?id=346032 | ||
| z | Примечание для пользователя | Участвует в КО | ||
| 856 | 41 | a | Имя сервера/домена | znanium.com |
| d | Путь | /cover/1048 | ||
| f | Электронное имя | 1048314.jpg | ||
| q | Тип электронного формата | image/jpeg | ||
| u | URL | https://znanium.com/cover/1048/1048314.jpg |